[Event "GRE-chT 43rd"]
[Site "Porto Rio"]
[Date "2015.10.10"]
[Round "5.13"]
[White "Skaperdas, Sotirios"]
[Black "Magkias, Vasilios"]
[Result "1/2-1/2"]
[WhiteElo "2048"]
[BlackElo "1739"]
[PlyCount "81"]
[EventDate "2015.10.08"]
[EventType "team-swiss"]
[EventRounds "7"]
[EventCountry "GRE"]
[SourceTitle "CBM 168 Extra"]
[Source "ChessBase"]
[SourceDate "2015.10.29"]
[SourceVersion "1"]
[SourceVersionDate "2015.10.29"]
[SourceQuality "1"]
[WhiteTeam "New Filadelfeias"]
[BlackTeam "Thinalios"]
[WhiteTeamCountry "GRE"]
[BlackTeamCountry "GRE"]

1. Nf3 Nf6 2. d4 g6 3. g3 Bg7 4. Bg2 0-0 5. 0-0 d6 6. Nbd2 Nbd7 7. c3 c6 8. a4 e5 9. e4 Qc7 10. Re1 Re8 11. Qc2 d5 12. exd5 cxd5 13. Nxe5 Nxe5 14. Rxe5 Rxe5 15. dxe5 Qxe5 16. Nf3 Qh5 17. Qd1 Bg4 18. Qd3 Re8 19. Bf4 a6 20. Re1 Rxe1+ 21. Nxe1 Bf5 22. Qf3 Bg4 23. Qe3 Qf5 24. f3 Bh3 25. Nd3 Bxg2 26. Kxg2 h5 27. h4 Qd7 28. Nc5 Qc6 29. a5 Bf8 30. Nd3 Nd7 31. Ne5 Nxe5 32. Bxe5 Bg7 33. Bd4 Bxd4 34. Qxd4 Qb5 35. b4 Qe2+ 36. Qf2 Qe5 37. Qd2 Kf8 38. Kf2 Ke7 39. Qe3 f6 40. Qc5+ Kd7 41. Qb6 1/2-1/2

[Event "Bobotsov Memorial 2nd"]
[Site "Sofia"]
[Date "2010.05.03"]
[Round "5"]
[White "Magkias, Vasilios"]
[Black "Stoyanov, Stefan"]
[Result "0-1"]
[WhiteElo "1715"]
[BlackElo "1834"]
[PlyCount "112"]
[EventDate "2010.04.30"]
[EventType "swiss"]
[EventRounds "9"]
[EventCountry "BUL"]
[SourceTitle "CBM 136 Extra"]
[Source "ChessBase"]
[SourceDate "2010.07.02"]
[SourceVersion "2"]
[SourceVersionDate "2010.07.15"]
[SourceQuality "1"]

1. d4 Nf6 2. c4 g6 3. Nc3 Bg7 4. Nf3 d6 5. g3 0-0 6. Bg2 c5 7. 0-0 cxd4 8. Nxd4 e5 9. Ndb5 Ne8 10. c5 Nc6 11. Nxd6 Nxd6 12. cxd6 Qd7 13. Ne4 b6 14. Bh6 Rd8 15. Rc1 Bb7 16. Qa4 Nd4 17. Qxd7 Nxe2+ 18. Kh1 Rxd7 19. Bxg7 Kxg7 20. Rc7 Rad8 21. Re1 Nd4 22. Kg1 Nb5 23. Rxd7 Rxd7 24. Nd2 Bxg2 25. Kxg2 f6 26. Nc4 Nd4 27. a4 b5 28. axb5 Nxb5 29. h4 Kf7 30. f4 exf4 31. gxf4 Nxd6 32. Na5 Nf5 33. Kh3 Rd3+ 34. Kh2 Nxh4 35. Re2 Nf5 36. Nc6 Rd7 37. b4 Ne7 38. Na5 Nd5 39. Re4 f5 40. Rc4 Nb6 41. Rc5 Nd5 42. Nc6 Kf6 43. Ne5 Rd6 44. Kg3 Nxb4 45. Rc7 a5 46. Ra7 Ra6 47. Rxh7 Ra8 48. Nd7+ Ke6 49. Nb6 Ra6 50. Rh6 Kf6 51. Nc4 a4 52. Na3 Rd6 53. Nb5 Rd3+ 54. Kf2 a3 55. Rh8 a2 56. Ra8 Rd1 0-1

[Event "Ptolemaida Atomiko op 11th"]
[Site "Ptolemaida"]
[Date "2010.03.27"]
[Round "5"]
[White "Magkias, Vasilios"]
[Black "Dimitriadis, Alexandros"]
[Result "1-0"]
[WhiteElo "1715"]
[BlackElo "1855"]
[PlyCount "99"]
[EventDate "2010.03.25"]
[EventType "swiss"]
[EventRounds "7"]
[EventCountry "GRE"]
[SourceTitle "CBM 135 Extra"]
[Source "ChessBase"]
[SourceDate "2010.05.04"]
[SourceVersion "1"]
[SourceVersionDate "2010.05.04"]
[SourceQuality "1"]

1. b3 e5 2. Bb2 Nc6 3. c4 Bc5 4. Nf3 d6 5. Nc3 f5 6. d3 Nf6 7. e3 0-0 8. Be2 Qe8 9. 0-0 a6 10. d4 exd4 11. exd4 Bb4 12. a3 Bxc3 13. Bxc3 Ne4 14. Bb2 Bd7 15. Re1 Qf7 16. Bd3 Rae8 17. Qc2 h6 18. d5 Nd8 19. Nd4 g6 20. f3 Nc5 21. Bf1 Rxe1 22. Rxe1 Re8 23. Rxe8+ Qxe8 24. Qc3 Qe5 25. Qd2 Nf7 26. Nc6 Qe8 27. Qd4 Ne5 28. Nxe5 Qxe5 29. Qxe5 dxe5 30. b4 Na4 31. Bxe5 c6 32. dxc6 Bxc6 33. c5 Bd5 34. Kf2 Kf7 35. f4 Ke6 36. Bd3 Bb3 37. h3 h5 38. g3 Bd5 39. Ke3 Bg2 40. h4 Bc6 41. Bc2 b6 42. Bb3+ Ke7 43. Bd6+ Ke8 44. Kd4 b5 45. Ke5 Nc3 46. Kf6 Ne4+ 47. Kxg6 Nxg3 48. Be6 Be4 49. Bc8 Kd8 50. Bxa6 1-0